00285nam a2200121Ia 4500008004100000100001900041245002300060260002500083300000900108650002400117942000700141999001500148190216s9999||||xx |||||||||||||| ||und|| aWalter J Moore 0aPhysical Chemistry bOrient Longmanc1972 a977p aChemistry-Chemistry cBK c2347d2347